000 00676nam a2200241 i 4500
001 C2-0302492
003 PPAK
005 20180728083503.0
008 100127s2004 nyua|||| ||||| | eng d
020 _a0802789161
040 _aPPAK
_beng
_cPPAK
_erda
082 0 4 _a823
_223
090 0 0 _a823
_bCAS
_dLCK
100 1 _aCassels, Jean,
_eauthor
245 1 4 _aThe mysterious collection of Dr. David Harleyson
264 1 _aNew York :
_bWalker & Company ,
_c2004
300 _a32 pages :
_bcolour illustrations ;
_c28 cm
336 _2rdacontent
_atext
337 _2rdamedia
_aunmediated
338 _2rdacarrier
_avolume
650 1 0 _aAnimals Fiction
942 _ddc
_cB
999 _c106075
_d106075